| 000 | 00718nam a22002417a 4500 | ||
|---|---|---|---|
| 003 | 0 | ||
| 005 | 20241004101209.0 | ||
| 008 | 241004b xxu||||| |||| 00| 0 eng d | ||
| 020 | _a9781534426979 | ||
| 050 |
_aPZ 7 _b.C146 2020 |
||
| 100 |
_aCaletti, Deb, _eauthor. |
||
| 245 |
_aGirl, unframed / _cDeb Caletti. |
||
| 260 |
_aNew York : _bSimon Pulse, _c2020. |
||
| 300 |
_a355 p. ; _c22 cm. |
||
| 650 |
_aComing of age _vFiction. |
||
| 650 |
_aMothers and daughters _vFiction. |
||
| 650 |
_aCelebrities _vFiction. |
||
| 650 |
_aDating (Social customs) _vFiction. |
||
| 650 |
_aAbused women _vFiction. |
||
| 650 | _aMystery and detective stories. | ||
| 651 |
_aSan Francisco (Calif.) _vFiction. |
||
| 942 |
_2lcc _cBK |
||
| 999 |
_c366452 _d366452 |
||